Municípios da Região Metropolitana de Sorocaba (SP) no mapa - Statistics

Estatísticas Gerais
  • Esse quiz foi jogado 436 vezes
  • A pontuação média é 15 de 27
Respostas no mapa
Respostas codificadas por cores de uma escala verde-vermelha no mapa do quiz de acordo com a % correta abaixo.
 
Estatísticas das Respostas
Município % Correto
Sorocaba
96%
Itu
84%
Votorantim
76%
Salto
70%
São Roque
70%
Itapetininga
67%
Alumínio
65%
Tatuí
61%
Araçoiaba da Serra
59%
Mairinque
58%
Porto Feliz
58%
Piedade
56%
Ibiuna
52%
Tietê
52%
Araçariguama
51%
Boituva
51%
Salto de Pirapora
50%
Pilar do Sul
46%
São Miguel Arcanjo
44%
Cerquilho
43%
Iperó
43%
Cesário Lange
42%
Capela do Alto
41%
Tapiraí
39%
Alambari
38%
Sarapuí
38%
Jumirim
33%
Nenhum quiz correspondente encontrado
Distribuição das Pontuações
Porcentagem de Pessoas com Cada Pontuação
Percentil de Números Respondidos
Sua Pontuação Histórica
Você não jogou esse quiz